00283nam a2200121Ia 4500008004100000020001500041041001200056100001900068245004200087260001200129300000800141650001200149221030s9999 xx 000 0 und d a0446611093 aEnglish aR. T. Kiyosaki 0aRich Dad, Poor Dadcby R. T. Kiyosaki b-c1995 a266 aGeneral